[Event "MCR_CF285"]
[Site "?"]
[Date "2004.??.??"]
[Round "?"]
[White "Goc, Pavel"]
[Black "Fuka, Miroslav"]
[Result "1/2-1/2"]
[WhiteElo "2198"]
[BlackElo "2082"]
[PlyCount "71"]
[EventDate "2004.??.??"]
[SourceDate "2005.03.12"]

1. e4 c6 2. d4 d5 3. Nc3 dxe4 4. Nxe4 Nd7 5. Ng5 Ndf6 6. N1f3 e6 7. Ne5 Nh6 8.
Bd3 Qxd4 9. Ngxf7 Bc5 10. Be3 Qb4+ 11. c3 Qxb2 12. O-O Nxf7 13. Nxf7 Kxf7 14.
Bxc5 Qxc3 15. Rc1 Qa5 16. Qb3 Qc7 17. Rfe1 Rd8 18. Bc4 Kg8 19. Bxe6+ Bxe6 20.
Rxe6 Qf7 21. Rce1 Nd5 22. Bd4 Re8 23. Rxe8+ Rxe8 24. Rxe8+ Qxe8 25. h4 Qe1+ 26.
Kh2 Qb4 27. Qd3 b6 28. Qe4 Qd6+ 29. Be5 Qe7 30. f3 b5 31. Qd4 a5 32. h5 a4 33.
h6 g6 34. Bg7 Qe3 35. Qb2 Kf7 36. Kh1 1/2-1/2

[Event "MCR_CF285"]
[Site "?"]
[Date "2004.??.??"]
[Round "?"]
[White "Goc, Pavel"]
[Black "Houdek, Vladimir"]
[Result "0-1"]
[WhiteElo "2198"]
[BlackElo "2185"]
[PlyCount "50"]
[EventDate "2004.??.??"]
[SourceDate "2005.03.12"]

1. e4 c5 2. Nf3 e6 3. d4 cxd4 4. Nxd4 a6 5. Bd3 Bc5 6. Nb3 Be7 7. Qg4 g6 8. O-O
d6 9. f4 Nf6 10. Qe2 Nc6 11. Be3 Bd7 12. N1d2 O-O 13. c3 e5 14. f5 gxf5 15.
exf5 d5 16. Nc5 Bc8 17. Na4 e4 18. Bc2 d4 19. Bh6 d3 20. Qe1 Kh8 21. Bxf8 Bxf8
22. Bb3 b5 23. Nxe4 bxa4 24. Bxf7 Ne5 25. Bb3 axb3 0-1

[Event "MCR_CF285"]
[Site "?"]
[Date "2004.??.??"]
[Round "?"]
[White "Houdek, Vladimir"]
[Black "Bernard, Roman"]
[Result "1-0"]
[WhiteElo "2185"]
[BlackElo "2000"]
[PlyCount "35"]
[EventDate "2004.??.??"]
[SourceDate "2005.03.12"]

{Bernard vystoupil!} 1. Nf3 Nf6 2. d4 d5 3. c4 e6 4. Nc3 Nbd7 5. cxd5 exd5 6.
Bf4 c6 7. e3 Nh5 8. Bd3 Nxf4 9. exf4 Bd6 10. O-O O-O 11. Qc2 Nf6 12. Ne5 Qb6
13. Ne2 Re8 14. Rfe1 Re7 15. a3 Be6 16. Rac1 Rae8 17. h3 a6 18. b4 1-0

[Event "MCR_CF285"]
[Site "?"]
[Date "2004.??.??"]
[Round "?"]
[White "Houdek, Vladimir"]
[Black "Brichacek, Milan"]
[Result "0-1"]
[WhiteElo "2185"]
[BlackElo "2048"]
[PlyCount "108"]
[EventDate "2004.??.??"]
[SourceDate "2005.03.12"]

1. Nf3 Nf6 2. d4 d5 3. c4 e6 4. Nc3 Be7 5. Bf4 O-O 6. e3 Nbd7 7. Qc2 c5 8. dxc5
Nxc5 9. Be2 Nce4 10. O-O Nxc3 11. Qxc3 Nh5 12. Rad1 Nxf4 13. exf4 Re8 14. cxd5
exd5 15. Ne5 Qd6 16. Bf3 Be6 17. Rfe1 Rac8 18. Qd3 Bf6 19. a3 Rcd8 20. Re2 Re7
21. Qd4 Qa6 22. Red2 Qa5 23. Qe3 g6 24. b4 Qa4 25. Re1 d4 26. Rxd4 Rxd4 27.
Qxd4 Qxa3 28. Ra1 Qb3 29. h3 b6 30. Bc6 Kg7 31. Qd2 Rc7 32. b5 Be7 33. Nf3 Qb4
34. Qe3 Bd6 35. Ne5 Bc5 36. Qf3 Bf5 37. Kh2 Re7 38. Rd1 Bc2 39. Rf1 f6 40. Ng4
h5 41. Ne3 Bxe3 42. fxe3 Bd3 43. Rc1 Bxb5 44. Bxb5 Qxb5 45. Rc8 Qb3 46. Qa8 Qf7
47. e4 g5 48. f5 h4 49. Qc6 Qb3 50. Qd6 Qg3+ 51. Qxg3 hxg3+ 52. Kxg3 Kf7 53.
Kf3 Rb7 54. h4 gxh4 0-1

[Event "MCR_CF285"]
[Site "?"]
[Date "2004.??.??"]
[Round "?"]
[White "Houdek, Vladimir"]
[Black "Cvak, Rudolf"]
[Result "1-0"]
[WhiteElo "2185"]
[BlackElo "1920"]
[PlyCount "125"]
[EventDate "2004.??.??"]
[SourceDate "2005.03.12"]

1. Nf3 Nf6 2. d4 g6 3. g3 Bg7 4. Bg2 O-O 5. O-O d6 6. c4 Nbd7 7. Nc3 c6 8. e4
e5 9. h3 exd4 10. Nxd4 Re8 11. Be3 Nc5 12. Qc2 Qe7 13. Rfe1 Bd7 14. Rad1 Nfxe4
15. Bf4 f5 16. Nxe4 Nxe4 17. f3 g5 18. Be3 Nxg3 19. Bf2 Qxe1+ 20. Rxe1 Rxe1+
21. Bxe1 Bxd4+ 22. Bf2 Be5 23. c5 d5 24. Qb3 b5 25. cxb6 axb6 26. Qe3 Bf6 27.
a3 Re8 28. Qxb6 Ne2+ 29. Kf1 Be5 30. Qb7 Ng3+ 31. Kg1 Ne2+ 32. Kh1 Re7 33. Bc5
Rg7 34. Qa8+ Kf7 35. Bf8 Rg6 36. Qd8 Bf6 37. Qxd7+ Kxf8 38. a4 Bd4 39. a5 Nf4
40. Bf1 h6 41. a6 Re6 42. a7 Bxa7 43. Qxa7 Re1 44. Kg1 Nxh3+ 45. Kg2 Nf4+ 46.
Kf2 Re6 47. Qh7 Rg6 48. b4 Rf6 49. b5 cxb5 50. Bxb5 Re6 51. Bd7 Re2+ 52. Kf1
Rh2 53. Bc6 Rh1+ 54. Kf2 Rd1 55. Qxh6+ Kf7 56. Bd7 Rd2+ 57. Ke1 Re2+ 58. Kf1
Re3 59. Qh7+ Kf6 60. Qxf5+ Ke7 61. Qxg5+ Kxd7 62. Qxf4 Re7 63. Qf5+ 1-0

[Event "MCR_CF285"]
[Site "?"]
[Date "2004.??.??"]
[Round "?"]
[White "Houdek, Vladimir"]
[Black "Fuka, Miroslav"]
[Result "1/2-1/2"]
[WhiteElo "2185"]
[BlackElo "2082"]
[PlyCount "80"]
[EventDate "2004.??.??"]
[SourceDate "2005.03.12"]

1. Nf3 c6 2. c4 e6 3. d4 d5 4. Qc2 dxc4 5. Qxc4 Nf6 6. Nc3 b5 7. Qd3 Nbd7 8. a3
b4 9. axb4 Bxb4 10. g3 Bb7 11. Bg2 c5 12. O-O O-O 13. Be3 Qe7 14. Rfd1 Rfc8 15.
h4 a5 16. Rac1 a4 17. Qb1 c4 18. Bd2 a3 19. bxa3 Rxa3 20. Rc2 Rb3 21. Qc1 Nb6
22. Bg5 h6 23. Bxf6 Qxf6 24. Nd2 Bxg2 25. Kxg2 Rxc3 26. Rxc3 Bxc3 27. Ne4 Qg6
28. Nxc3 Nd5 29. f3 f5 30. Kh2 Qf6 31. Kg2 Qg6 32. Kh2 Rb8 33. Qd2 Rb3 34. Nxd5
exd5 35. Ra1 Kh7 36. Ra2 Qe6 37. Kg2 Re3 38. Kf2 Rb3 39. Ra5 c3 40. Qe3 Qf6
1/2-1/2

[Event "MCR_CF285"]
[Site "?"]
[Date "2004.??.??"]
[Round "?"]
[White "Houdek, Vladimir"]
[Black "Goc, Pavel"]
[Result "1/2-1/2"]
[WhiteElo "2185"]
[BlackElo "2198"]
[PlyCount "42"]
[EventDate "2004.??.??"]
[SourceDate "2005.03.12"]

1. Nf3 Nf6 2. d4 g6 3. c4 Bg7 4. g3 O-O 5. Bg2 d6 6. Nc3 Nbd7 7. O-O e5 8. e4
exd4 9. Nxd4 Nc5 10. h3 Re8 11. Re1 a5 12. Nb3 Nfd7 13. Be3 Bxc3 14. bxc3 Nxe4
15. Bh6 a4 16. Qd4 Nef6 17. Nd2 Ra5 18. f4 Re6 19. g4 Qe7 20. Kf1 c6 21. Rad1
Ne8 1/2-1/2

[Event "MCR_CF285"]
[Site "?"]
[Date "2004.??.??"]
[Round "?"]
[White "Houdek, Vladimir"]
[Black "Latal, Frantisek"]
[Result "1-0"]
[WhiteElo "2185"]
[BlackElo "2009"]
[PlyCount "75"]
[EventDate "2004.??.??"]
[SourceDate "2005.03.12"]

1. Nf3 d5 2. d4 Nf6 3. c4 c6 4. Nc3 dxc4 5. a4 Qb6 6. e4 Bg4 7. Bxc4 Bxf3 8.
gxf3 e6 9. a5 Qc7 10. O-O h6 11. Ne2 g5 12. Qd3 Bb4 13. f4 Bxa5 14. e5 Nd5 15.
fxg5 hxg5 16. Bxg5 Bb4 17. Kh1 Nd7 18. Rg1 N7b6 19. Bxd5 Nxd5 20. Nc3 Nxc3 21.
bxc3 Be7 22. Bxe7 Qxe7 23. Rg4 a5 24. Qc2 b5 25. c4 Qb7 26. Qe4 b4 27. f4 a4
28. f5 Qd7 29. fxe6 Qxe6 30. d5 Qh6 31. Rg2 a3 32. e6 Qf6 33. Rd1 fxe6 34. Rg6
cxd5 35. cxd5 Qc3 36. Qxe6+ Kd8 37. Qb6+ Qc7 38. Rd6+ 1-0

[Event "MCR_CF285"]
[Site "?"]
[Date "2004.??.??"]
[Round "?"]
[White "Latal, Frantisek"]
[Black "Bernard, Roman"]
[Result "1-0"]
[WhiteElo "2009"]
[BlackElo "2000"]
[PlyCount "47"]
[EventDate "2004.??.??"]
[SourceDate "2005.03.12"]

{Bernard vystoupil!} 1. e4 e5 2. Nf3 Nc6 3. Bb5 a6 4. Ba4 Nf6 5. O-O Be7 6. Re1
b5 7. Bb3 O-O 8. c3 d6 9. h3 Na5 10. Bc2 c5 11. d3 Bb7 12. Nbd2 Re8 13. a4 Qc7
14. axb5 axb5 15. Nf1 d5 16. exd5 Bf8 17. Ne3 Nxd5 18. Nf5 Rad8 19. Bd2 Nf4 20.
c4 b4 21. Bxf4 exf4 22. N5h4 g6 23. Rxe8 Rxe8 24. Ba4 1-0

[Event "MCR_CF285"]
[Site "?"]
[Date "2004.??.??"]
[Round "?"]
[White "Latal, Frantisek"]
[Black "Brichacek, Milan"]
[Result "0-1"]
[WhiteElo "2009"]
[BlackElo "2048"]
[PlyCount "42"]
[EventDate "2004.??.??"]
[SourceDate "2005.03.12"]

1. e4 e6 2. d4 d5 3. Nc3 Bb4 4. e5 c5 5. a3 Bxc3+ 6. bxc3 Ne7 7. Nf3 b6 8. Bg5
O-O 9. Bd3 Ba6 10. O-O Bxd3 11. cxd3 Nbc6 12. dxc5 bxc5 13. Rb1 Qa5 14. Bxe7
Nxe7 15. Rb7 Ng6 16. Qb3 Nf4 17. c4 Rad8 18. Rb1 dxc4 19. Qxc4 Ne2+ 20. Kh1 Nd4
21. Qb3 Nxb3 0-1

[Event "MCR_CF285"]
[Site "?"]
[Date "2004.??.??"]
[Round "?"]
[White "Latal, Frantisek"]
[Black "Celbr, Rudolf"]
[Result "1-0"]
[WhiteElo "2009"]
[BlackElo "2023"]
[PlyCount "169"]
[EventDate "2004.??.??"]
[SourceDate "2005.03.12"]

1. e4 c5 2. Nf3 Nc6 3. d4 cxd4 4. Nxd4 Nf6 5. Nc3 e6 6. Ndb5 d6 7. Bf4 e5 8.
Bg5 a6 9. Bxf6 gxf6 10. Na3 b5 11. Nd5 f5 12. Bd3 Be6 13. c4 Qa5+ 14. Kf1 Nb4
15. Qe1 Bxd5 16. exd5 bxc4 17. Bxf5 Rb8 18. Nxc4 Qxd5 19. b3 Rg8 20. Be4 Qe6
21. a3 d5 22. axb4 dxc4 23. bxc4 Qxc4+ 24. Kg1 Bxb4 25. Qe3 Rg7 26. g3 Kf8 27.
Kg2 Bd2 28. Qf3 Rb3 29. Qf5 Bc3 30. Rhc1 Rg6 31. Rab1 Rxb1 32. Bxb1 Rh6 33. Qf3
Rc6 34. Bd3 Qc5 35. Bxh7 a5 36. Be4 Rc7 37. Qf6 Qd4 38. Qh8+ Ke7 39. Qh4+ Ke8
40. Qh7 Rc4 41. Bf3 Ke7 42. Qh5 Qd6 43. Be2 Rc5 44. Rd1 Bd2 45. Qh4+ Kf8 46.
Qh7 Rc1 47. Qh8+ Ke7 48. Qh4+ Kf8 49. Rxc1 Bxc1 50. Qc4 Ba3 51. Bf3 Qd4 52. Qa2
Bb4 53. Bd5 f6 54. Bc6 Bc5 55. Qc2 Qd6 56. Ba4 Qd5+ 57. f3 Qd4 58. Kh3 Qf2 59.
Qc3 Kg7 60. Bb5 Qd4 61. Qxa5 Qd6 62. Qa4 Bd4 63. Qc2 Qc5 64. Qe2 Be3 65. Qd3
Qd4 66. Qf5 Qd6 67. Bd3 Qc6 68. Kg2 Kf8 69. h4 Qd6 70. g4 Bf4 71. g5 Ke7 72.
Qh7+ Kd8 73. Qg8+ Ke7 74. Qg7+ Kd8 75. Qxf6+ Qxf6 76. gxf6 Ke8 77. Bc4 e4 78.
fxe4 Be5 79. f7+ Kf8 80. Kf3 Bf6 81. Kg4 Kg7 82. h5 Kf8 83. Kf5 Be7 84. Ke6 Bf6
85. e5 1-0

[Event "MCR_CF285"]
[Site "?"]
[Date "2004.??.??"]
[Round "?"]
[White "Latal, Frantisek"]
[Black "Cvak, Rudolf"]
[Result "0-1"]
[WhiteElo "2009"]
[BlackElo "1920"]
[PlyCount "60"]
[EventDate "2004.??.??"]
[SourceDate "2005.03.12"]

1. e4 e5 2. Nf3 Nc6 3. Bb5 a6 4. Ba4 Nf6 5. O-O b5 6. Bb3 Bb7 7. Re1 Bc5 8. c3
d6 9. d4 Bb6 10. Bg5 h6 11. Bh4 Qd7 12. a4 O-O-O 13. axb5 axb5 14. Bxf6 gxf6
15. Na3 Ne7 16. Bxf7 Rh7 17. Bb3 Rg7 18. Qd3 d5 19. Nd2 exd4 20. Nxb5 Ng6 21.
Ba4 c6 22. Nxd4 Nf4 23. Qf3 Nxg2 24. Kh1 Nxe1 25. Rxe1 Bxd4 26. cxd4 dxe4 27.
Nxe4 Qxd4 28. Qf5+ Kb8 29. Qf4+ Ka7 30. Bc2 c5 0-1

[Event "MCR_CF285"]
[Site "?"]
[Date "2004.??.??"]
[Round "?"]
[White "Latal, Frantisek"]
[Black "Fuka, Miroslav"]
[Result "1-0"]
[WhiteElo "2009"]
[BlackElo "2082"]
[PlyCount "39"]
[EventDate "2004.??.??"]
[SourceDate "2005.03.12"]

1. e4 e6 2. d4 d5 3. Nc3 a6 4. Nf3 Nf6 5. e5 Nfd7 6. Bg5 Be7 7. Bxe7 Qxe7 8.
Bd3 c5 9. O-O Nc6 10. dxc5 Nxc5 11. a3 O-O 12. Re1 b5 13. Ne2 Bb7 14. Ned4 Nxd3
15. Qxd3 b4 16. Nxc6 Bxc6 17. axb4 g6 18. Rxa6 Bb7 19. Rxa8 Rxa8 20. Qd2 1-0

[Event "MCR_CF285"]
[Site "?"]
[Date "2004.??.??"]
[Round "?"]
[White "Latal, Frantisek"]
[Black "Houdek, Vladimir"]
[Result "0-1"]
[WhiteElo "2009"]
[BlackElo "2185"]
[PlyCount "88"]
[EventDate "2004.??.??"]
[SourceDate "2005.03.12"]

1. e4 c5 2. Nf3 e6 3. d4 cxd4 4. Nxd4 a6 5. Bd3 Bc5 6. Nb3 Be7 7. O-O d6 8. c4
Nf6 9. Nc3 Nc6 10. Be3 O-O 11. f4 Bd7 12. Rf2 e5 13. f5 a5 14. Nd2 h6 15. b3
Nb4 16. Be2 Na6 17. Nf1 Kh7 18. Ng3 Nc5 19. Bf3 Bc6 20. Rd2 b6 21. Qe2 Qd7 22.
Rc1 Rg8 23. Bf2 g6 24. Nd5 Bxd5 25. cxd5 Rac8 26. Rdc2 h5 27. Rc3 h4 28. fxg6+
fxg6 29. Nf1 g5 30. Qc2 g4 31. Be2 Kh8 32. Nd2 g3 33. hxg3 Ng4 34. Be1 Bg5 35.
Qb2 b5 36. gxh4 Be3+ 37. Kh1 b4 38. Rc4 Rcf8 39. Rxc5 dxc5 40. Nf3 Qh7 41. Rd1
Bd4 42. Qb1 Nf2+ 43. Bxf2 Bxf2 44. h5 Qe7 0-1

[Event "MCR_CF285"]
[Site "?"]
[Date "2004.??.??"]
[Round "?"]
[White "Celbr, Rudolf"]
[Black "Cvak, Rudolf"]
[Result "1/2-1/2"]
[WhiteElo "2023"]
[BlackElo "1920"]
[PlyCount "110"]
[EventDate "2004.??.??"]
[SourceDate "2005.03.12"]

1. c4 Nf6 2. Nc3 e5 3. Nf3 Nc6 4. g3 Bb4 5. Nd5 e4 6. Nh4 Bc5 7. Bg2 d6 8. O-O
g5 9. d4 Nxd5 10. dxc5 Ndb4 11. cxd6 gxh4 12. a3 Na6 13. b4 Ne5 14. c5 hxg3 15.
hxg3 f6 16. Bxe4 c6 17. Qb3 Qd7 18. Qc3 Qe6 19. Bb2 Rg8 20. Rad1 Nb8 21. Qc2
Rg7 22. Qc1 Nc4 23. Bxf6 Qxf6 24. Qxc4 Be6 25. Qc1 Nd7 26. b5 Rc8 27. bxc6 bxc6
28. Bg2 Qe5 29. Rd3 Kf7 30. Rc3 Kg8 31. Rd1 Qh5 32. Rd4 Nf6 33. Qc2 Ng4 34. Kf1
Rf7 35. f4 Qh2 36. Qe4 Bf5 37. Qf3 Qh6 38. Kg1 Re8 39. e4 Be6 40. Qe2 Qh2+ 41.
Kf1 Ne5 42. Rb4 Rc8 43. Ke1 a5 44. Rb1 Bc4 45. Qf2 Nd3+ 46. Rxd3 Bxd3 47. Rd1
Bb5 48. e5 Qh5 49. Qe3 Re8 50. e6 Qg6 51. Bh3 Qh5 52. Bg2 Qg6 53. Bh3 Qh5 54.
Bg2 Qg6 55. Bh3 Qh5 1/2-1/2

[Event "MCR_CF285"]
[Site "?"]
[Date "2004.??.??"]
[Round "?"]
[White "Celbr, Rudolf"]
[Black "Goc, Pavel"]
[Result "1/2-1/2"]
[WhiteElo "2023"]
[BlackElo "2198"]
[PlyCount "104"]
[EventDate "2004.??.??"]
[SourceDate "2005.03.12"]

1. c4 Nf6 2. Nc3 e5 3. Nf3 Nc6 4. g3 Bc5 5. Bg2 d6 6. O-O O-O 7. Na4 Nd7 8.
Nxc5 Nxc5 9. d4 exd4 10. Nxd4 Bd7 11. b3 Nxd4 12. Qxd4 Ne6 13. Qd3 Rb8 14. Be3
a6 15. Rfd1 Qe8 16. Be4 h6 17. Bd5 Bc6 18. Rac1 b6 19. Qe4 Ba8 20. Qf5 Qe7 21.
Rd3 Nc5 22. Bxc5 bxc5 23. Re3 Qg5 24. Qxg5 hxg5 25. Rcc3 Bxd5 26. cxd5 Rfe8 27.
Kf1 Rxe3 28. Rxe3 Kf8 29. Re4 f5 30. Ra4 Rb6 31. g4 Ke7 32. gxf5 Kf6 33. e4 Ke5
34. Kg2 Kf4 35. h3 g4 36. hxg4 Kxg4 37. f3+ Kf4 38. Kf2 c6 39. dxc6 Rxc6 40.
Rc4 Rc8 41. Rc1 Rh8 42. Rg1 Rh2+ 43. Rg2 Rxg2+ 44. Kxg2 d5 45. exd5 Ke5 46. d6
Kxd6 47. Kg3 Kd5 48. Kf4 c4 49. bxc4+ Kxc4 50. Ke4 a5 51. f4 a4 52. f6 gxf6
1/2-1/2

[Event "MCR_CF285"]
[Site "?"]
[Date "2004.??.??"]
[Round "?"]
[White "Goc, Pavel"]
[Black "Latal, Frantisek"]
[Result "1/2-1/2"]
[WhiteElo "2198"]
[BlackElo "2009"]
[PlyCount "118"]
[EventDate "2004.??.??"]
[SourceDate "2005.03.12"]

1. e4 e5 2. Nf3 Nc6 3. d4 exd4 4. c3 d5 5. exd5 Qxd5 6. cxd4 Bg4 7. Be2 Nf6 8.
Nc3 Qd7 9. Be3 O-O-O 10. Qb3 Be6 11. Qa4 Nd5 12. Bb5 Nb6 13. Qc2 f6 14. O-O a6
15. Bxc6 Qxc6 16. Rfc1 Kb8 17. a3 g5 18. b4 h5 19. Rab1 Nd5 20. Nxd5 Qxc2 21.
Rxc2 Bxd5 22. Nd2 Bd6 23. Rbc1 c6 24. Nc4 Bc7 25. a4 Rhe8 26. a5 Ka7 27. Rc3
Rd7 28. Nb2 Bd6 29. Nd3 Rg7 30. Re1 Ka8 31. Bd2 Rxe1+ 32. Bxe1 Re7 33. Rc1 Re4
34. Bc3 Re2 35. Re1 Rc2 36. Rc1 Rxc1+ 37. Nxc1 Bc4 38. g3 g4 39. f4 h4 40. Kf2
f5 41. Ke3 h3 42. Nd3 Bd5 43. Nc5 Kb8 44. Be1 Be7 45. Nd7+ Kc7 46. Nb6 Bd8 47.
Nxd5+ cxd5 48. Kd3 Bf6 49. Bc3 Kc6 50. Kc2 Kb5 51. Kb3 Bd8 52. Bd2 Bc7 53. Be1
b6 54. axb6 Bxb6 55. Bc3 Ba7 56. Bb2 Bb8 57. Bc1 Bd6 58. Bd2 Bc7 59. Bc1 Bd8
1/2-1/2

[Event "MCR_CF285"]
[Site "?"]
[Date "2004.??.??"]
[Round "?"]
[White "Celbr, Rudolf"]
[Black "Fuka, Miroslav"]
[Result "1-0"]
[WhiteElo "2023"]
[BlackElo "2082"]
[PlyCount "55"]
[EventDate "2004.??.??"]
[SourceDate "2005.03.12"]

1. c4 Nf6 2. Nc3 g6 3. d4 d5 4. cxd5 Nxd5 5. e4 Nxc3 6. bxc3 Bg7 7. Bc4 c5 8.
Ne2 Nc6 9. Be3 O-O 10. O-O Qc7 11. Rc1 Rd8 12. Qd2 a6 13. Bh6 Bh8 14. a4 Na5
15. Ba2 b5 16. Nf4 bxa4 17. Nd5 Qa7 18. Qg5 Nc6 19. Rb1 Be6 20. dxc5 Rac8 21.
Rb6 Bxd5 22. exd5 Na5 23. d6 Bf6 24. Qf4 Rxc5 25. dxe7 Qxb6 26. Be6 Qxe6 27.
exd8=Q+ Bxd8 28. Qd4 1-0

[Event "MCR_CF285"]
[Site "?"]
[Date "2004.??.??"]
[Round "?"]
[White "Celbr, Rudolf"]
[Black "Latal, Frantisek"]
[Result "1-0"]
[WhiteElo "2023"]
[BlackElo "2009"]
[PlyCount "103"]
[EventDate "2004.??.??"]
[SourceDate "2005.03.12"]

1. c4 c5 2. e3 Nf6 3. Nc3 d5 4. cxd5 Nxd5 5. d4 e6 6. Nf3 Nc6 7. Bb5 cxd4 8.
Nxd4 Nxc3 9. bxc3 Bd7 10. Rb1 Qc7 11. Qa4 Bd6 12. Ba3 O-O 13. Bxd6 Qxd6 14. O-O
Rfd8 15. Nxc6 bxc6 16. Be2 c5 17. Qh4 Qd2 18. Bf3 Rab8 19. Rbd1 Qxa2 20. Qe7
Qa4 21. Rd2 a5 22. Rfd1 g6 23. g3 Re8 24. Qxd7 Qb3 25. Qd3 a4 26. Ra1 c4 27.
Qc2 a3 28. Qc1 Qb2 29. Rc2 Qxc1+ 30. Rcxc1 Rb3 31. Bd1 Rb2 32. Rxa3 Rd8 33. Bf3
Rdd2 34. Rf1 Rb3 35. Rxb3 cxb3 36. Rb1 b2 37. Kf1 Rc2 38. Be4 Rxc3 39. Rxb2 f5
40. Bb1 Kf7 41. Rb7+ Kf6 42. h4 h6 43. Ke2 g5 44. hxg5+ hxg5 45. Rb5 Ra3 46. e4
f4 47. e5+ Kg7 48. gxf4 gxf4 49. Bc2 Ra2 50. Kd3 Kg6 51. Kc3+ Kg7 52. f3 1-0

[Event "MCR_CF285"]
[Site "?"]
[Date "2004.??.??"]
[Round "?"]
[White "Cvak, Rudolf"]
[Black "Celbr, Rudolf"]
[Result "1/2-1/2"]
[WhiteElo "1920"]
[BlackElo "2023"]
[PlyCount "126"]
[EventDate "2004.??.??"]
[SourceDate "2005.03.12"]

1. e4 c5 2. Nc3 e6 3. f4 Nc6 4. Nf3 Nf6 5. Bb5 Be7 6. O-O O-O 7. d3 d5 8. Bxc6
bxc6 9. Qe1 Ba6 10. b3 c4 11. e5 Ng4 12. bxc4 dxc4 13. d4 c5 14. Ba3 Qa5 15.
Nd5 Qxa3 16. Nxe7+ Kh8 17. d5 Ne3 18. dxe6 Nxc2 19. Qf2 Qe3 20. Rac1 Qxf2+ 21.
Rxf2 Nd4 22. Nxd4 cxd4 23. Nf5 d3 24. exf7 Rxf7 25. Nd6 Rc7 26. Rc3 Rf8 27. g3
h6 28. Kf1 Rb8 29. Rd2 Rb1+ 30. Kf2 Kg8 31. h4 Kf8 32. Kf3 h5 33. Kf2 Rh1 34.
Kf3 Rf1+ 35. Ke3 Re1+ 36. Kf2 Rh1 37. Kf3 Rc6 38. Ke4 Re1+ 39. Kd5 Re2 40. Rd1
Rc7 41. a3 Ra2 42. Rg1 Rd7 43. Kc5 g6 44. Kd4 Re2 45. Kc5 Ke7 46. a4 Ke6 47.
Kd4 Rd8 48. Rcc1 Ke7 49. g4 Rf8 50. f5 hxg4 51. Rxg4 gxf5 52. Rg7+ Ke6 53. Rxa7
Rxe5 54. Rxa6 Rd5+ 55. Kxc4 d2 56. Rd1 Ke5 57. Kc3 Rxd6 58. Rxd6 Kxd6 59. Rxd2+
Ke5 60. h5 Rh8 61. Rh2 Kf4 62. Rf2+ Ke4 63. Re2+ Kf3 1/2-1/2

[Event "MCR_CF285"]
[Site "?"]
[Date "2004.??.??"]
[Round "?"]
[White "Goc, Pavel"]
[Black "Celbr, Rudolf"]
[Result "0-1"]
[WhiteElo "2198"]
[BlackElo "2023"]
[PlyCount "66"]
[EventDate "2004.??.??"]
[SourceDate "2005.03.12"]

1. e4 c5 2. Nf3 Nc6 3. d4 cxd4 4. Nxd4 Nf6 5. Nc3 e6 6. Ndb5 d6 7. Bf4 e5 8.
Nd5 Nxd5 9. exd5 exf4 10. dxc6 bxc6 11. Qf3 d5 12. O-O-O Bd7 13. Re1+ Be7 14.
Rxe7+ Kxe7 15. Qa3+ Kf6 16. Qd6+ Be6 17. Qxf4+ Ke7 18. Nc7 Rb8 19. Nxe6 fxe6
20. Qd4 Kd6 21. Qxg7 Qh4 22. Qg3+ Qxg3 23. hxg3 e5 24. Rh6+ Kc5 25. a3 a5 26.
Rh4 e4 27. f3 Kd4 28. Rh6 Ke3 29. Rxc6 Kf2 30. Ba6 e3 31. Rc5 d4 32. Rd5 Rhd8
33. Rh5 Re8 0-1

[Event "MCR_CF285"]
[Site "?"]
[Date "2004.??.??"]
[Round "?"]
[White "Houdek, Vladimir"]
[Black "Celbr, Rudolf"]
[Result "0-1"]
[WhiteElo "2185"]
[BlackElo "2023"]
[PlyCount "86"]
[EventDate "2004.??.??"]
[SourceDate "2005.03.12"]

1. Nf3 Nf6 2. d4 e6 3. g3 b5 4. Bg2 Bb7 5. O-O c5 6. a4 b4 7. c3 cxd4 8. cxd4
Be7 9. Bf4 O-O 10. Nbd2 Nd5 11. Rc1 Nc6 12. Nb3 Nxf4 13. gxf4 Na5 14. Nc5 Bc6
15. Qd3 Rc8 16. e3 d6 17. Ne4 h6 18. Ng3 Bxa4 19. Rxc8 Qxc8 20. Ra1 Qd7 21. Nd2
Bb5 22. Qb1 Nc4 23. Nxc4 Bxc4 24. f5 d5 25. fxe6 fxe6 26. b3 Bb5 27. Qg6 Rf6
28. Qc2 Bd6 29. Bh3 Kh8 30. f4 g6 31. Kh1 Kh7 32. Bg4 Rf8 33. Bh5 Rg8 34. Kg2
a6 35. Rc1 a5 36. h4 Kh8 37. Bxg6 a4 38. h5 a3 39. Kf3 Ra8 40. Qg2 Qg7 41. Qh2
Rg8 42. Rg1 Rc8 43. Ne2 Qf6 0-1

[Event "MCR_CF285"]
[Site "?"]
[Date "2004.??.??"]
[Round "?"]
[White "Latal, Frantisek"]
[Black "Goc, Pavel"]
[Result "1-0"]
[WhiteElo "2009"]
[BlackElo "2198"]
[PlyCount "105"]
[EventDate "2004.??.??"]
[SourceDate "2005.03.12"]

1. e4 e5 2. Nf3 Nc6 3. Bb5 a6 4. Ba4 Nf6 5. O-O Be7 6. Re1 b5 7. Bb3 O-O 8. c3
d6 9. h3 Na5 10. Bc2 c5 11. d3 Bb7 12. Nbd2 Re8 13. a4 b4 14. Bb1 Rb8 15. cxb4
cxb4 16. Ba2 Nd7 17. Nb3 Bc6 18. Nxa5 Qxa5 19. Bd2 Bf6 20. Qc2 Nc5 21. Bc4 Re7
22. b3 Rc7 23. Rac1 Rbc8 24. Qd1 Qb6 25. Be3 Qb7 26. Nh2 Nd7 27. Ng4 d5 28.
Nxf6+ Nxf6 29. exd5 Bxd5 30. f3 Nd7 31. Re2 f6 32. Rec2 Bxc4 33. dxc4 e4 34.
fxe4 Qxe4 35. Bf2 Ne5 36. Rd2 Re8 37. Rd4 Qa8 38. Rc2 Rce7 39. Rcd2 Rc7 40. Rd6
Rb7 41. a5 Rbb8 42. Rb6 Rxb6 43. axb6 h6 44. Rd6 Rc8 45. c5 Qb7 46. Qd5+ Qxd5
47. Rxd5 Kf7 48. Bg3 Ke6 49. b7 Rb8 50. Rd6+ Ke7 51. Rb6 a5 52. c6 Kd6 53. Ra6
1-0

[Event "MCR_CF285"]
[Site "?"]
[Date "2004.??.??"]
[Round "?"]
[White "Goc, Pavel"]
[Black "Cvak, Rudolf"]
[Result "1/2-1/2"]
[WhiteElo "2198"]
[BlackElo "1920"]
[PlyCount "129"]
[EventDate "2004.??.??"]
[SourceDate "2005.03.12"]

1. e4 e6 2. d4 d5 3. Nc3 Bb4 4. e5 c5 5. a3 Bxc3+ 6. bxc3 Ne7 7. Qg4 Ng6 8. h4
h5 9. Qg3 Nc6 10. Bd3 Nce7 11. dxc5 Qc7 12. f4 b6 13. Bb5+ Bd7 14. cxb6 axb6
15. Bxd7+ Kxd7 16. Ne2 Nf5 17. Qf2 Qc5 18. g3 Qxf2+ 19. Kxf2 Rhc8 20. Rb1 Ra6
21. Rb3 Nge7 22. Rd1 f6 23. Kf3 fxe5 24. fxe5 Nc6 25. Bf4 Na5 26. Rb4 Nc4 27.
a4 Ne7 28. Nc1 Na5 29. Na2 Ng6 30. Rdb1 Nc4 31. Ke2 Rf8 32. Rd1 Ke8 33. Rf1
Ncxe5 34. Bxe5 Rxf1 35. Kxf1 Nxe5 36. Ke2 Nc6 37. Rb5 Na7 38. Rb4 b5 39. Kd3
Ke7 40. Rf4 Nc8 41. Nb4 Rxa4 42. Nc6+ Ke8 43. Rxa4 bxa4 44. c4 a3 45. Nb4 Nb6
46. c5 Na4 47. Kd4 Nb2 48. Kc3 Nc4 49. Kb3 Kd7 50. c3 g6 51. Ka2 Kc7 52. Kb3
Kb7 53. Ka2 e5 54. Nxd5 e4 55. c6+ Kxc6 56. Ne7+ Kc5 57. Nxg6 Kb5 58. Nf4 e3
59. Kb3 Kc6 60. g4 hxg4 61. h5 Kd6 62. h6 Ne5 63. h7 Nf7 64. Kxa3 Ke5 65. Ng2
1/2-1/2